000 00237nam a2200097Ia 4500
001 1155222
005 20250827011159.0
008 250824s9999 xx 000 0 und d
245 0 _aBEN NEYİM
_cHAKAN MENGÜÇ
260 _bDESTEK YAYINLARI
999 _c1155222
_d1155222